000
00340nam a2200145Ia 4500
005
20250325051003.0
008
240331s9999 xx 000 0 und d
082
_b
RAJ
_a
894
100
_a
Rajendran, K
245
0
_a
Uyir katharal
260
_a
Chennai
_b
paadan pathippagam
_c
1986
300
_a
XXXI, 104 p .,
650
_a
Poems
942
_c
L
999
_c
4195
_d
4195